<?xml version="1.0" encoding="UTF-8"?>
<record
    xmlns:xsi="http://www.w3.org/2001/XMLSchema-instance"
    xsi:schemaLocation="http://www.loc.gov/MARC21/slim http://www.loc.gov/standards/marcxml/schema/MARC21slim.xsd"
    xmlns="http://www.loc.gov/MARC21/slim">

  <leader>02322nam a2200205 a 4500</leader>
  <controlfield tag="008">0311  e2009    ag     g |||| 001 0|spa d</controlfield>
  <datafield tag="020" ind1=" " ind2=" ">
    <subfield code="a">9789871307029</subfield>
  </datafield>
  <datafield tag="041" ind1=" " ind2=" ">
    <subfield code="a">spa</subfield>
  </datafield>
  <datafield tag="092" ind1=" " ind2=" ">
    <subfield code="c">070.44</subfield>
    <subfield code="l">77</subfield>
    <subfield code="s">SAN</subfield>
  </datafield>
  <datafield tag="100" ind1="1" ind2=" ">
    <subfield code="a">S&#xE1;nchez, Gonzalo</subfield>
    <subfield code="9">3973</subfield>
  </datafield>
  <datafield tag="245" ind1=" " ind2="3">
    <subfield code="a">La Patagonia vendida.</subfield>
    <subfield code="b">Los nuevos due&#xF1;os de la tierra /</subfield>
    <subfield code="c">Gonzalo S&#xE1;nchez</subfield>
  </datafield>
  <datafield tag="250" ind1=" " ind2=" ">
    <subfield code="a">1a ed.</subfield>
  </datafield>
  <datafield tag="260" ind1=" " ind2=" ">
    <subfield code="a">Buenos Aires: </subfield>
    <subfield code="b">Marea;</subfield>
    <subfield code="c">2009.</subfield>
  </datafield>
  <datafield tag="300" ind1=" " ind2=" ">
    <subfield code="a">280 p.</subfield>
    <subfield code="c">24x16 cm.</subfield>
  </datafield>
  <datafield tag="500" ind1=" " ind2=" ">
    <subfield code="a">S&#xE1;nchez, G. (2009). La Patagonia vendida. Los nuevos due&#xF1;os de la tierra. (1a ed.). Buenos Aires : Marea.</subfield>
  </datafield>
  <datafield tag="505" ind1=" " ind2=" ">
    <subfield code="a">Al sur del sur, justo donde se termina el mundo y empieza el para&#xED;so, los millonarios del tercer milenio encontraron su lugar. La Patagonia argentina se convirti&#xF3; durante la &#xFA;ltima d&#xE9;cada en la Meca de los hombres m&#xE1;s ricos del planeta, un peque&#xF1;o grupo de magnates que compraron all&#xED; su ed&#xE9;n particular. Y que poco a poco van transformando el rinc&#xF3;n m&#xE1;s olvidado de la Argentina en un gigante barrio privado alambrado por monta&#xF1;as, r&#xED;os y estepa. Un destino tur&#xED;stico cada vez m&#xE1;s exclusivo. Un enorme dep&#xF3;sito de riquezas y bellezas naturales, disponible para quien pueda pagarlo. &#xBF;Qu&#xE9; destino le espera a la Patagonia? &#xBF;Ser&#xE1; un mundo fuera del mundo, un pa&#xED;s con leyes propias, el refugio de extranjeros ricos y de unos pocos argentinos privilegiados? &#xA1;Ser&#xE1; un granero para lo que escapen de las ruinas del planeta industrializado? &#xBF;El cofre de los tesoros naturales que terminar&#xE1;n por escasear sobre el suelo terrestre? &#xBF;La reserva de agua dulce para un futuro sin agua? Gonzalo S&#xE1;nchez plantea estas preguntas y desarrolla una inquietante investigaci&#xF3;n que revela a esta nueva Patagonia y a sus propietarios reci&#xE9;n llegados. Douglas Tompkins es "el due&#xF1;o del agua", Ted Turner, acumula tierras buscando la truca perfecta; Joseph Lewis, tiene la llave al lago escondido; y la familia Benetton, la mayor propietaria privada de tierras en la Argentina, tropieza con los pobladores originarios mapuches. A trav&#xE9;s de entrevistas exclusivas con ellos y de un minucioso safari territorial, S&#xE1;nchez describe el presente y el pasado de un pa&#xED;s dentro de la Argentina que siempre estuvo en venta. </subfield>
  </datafield>
  <datafield tag="590" ind1=" " ind2=" ">
    <subfield code="a">Proyecto 4to libro, donacion Selena Zapata, Septiembre 2018.</subfield>
  </datafield>
  <datafield tag="655" ind1=" " ind2=" ">
    <subfield code="a">Literatura</subfield>
    <subfield code="9">2917</subfield>
  </datafield>
  <datafield tag="942" ind1=" " ind2=" ">
    <subfield code="2">ddc</subfield>
    <subfield code="c">LIT</subfield>
  </datafield>
  <datafield tag="999" ind1=" " ind2=" ">
    <subfield code="c">2816</subfield>
    <subfield code="d">2816</subfield>
  </datafield>
  <datafield tag="952" ind1=" " ind2=" ">
    <subfield code="0">0</subfield>
    <subfield code="1">0</subfield>
    <subfield code="2">ddc</subfield>
    <subfield code="4">0</subfield>
    <subfield code="7">0</subfield>
    <subfield code="a">BFM</subfield>
    <subfield code="b">BFM</subfield>
    <subfield code="c">CR</subfield>
    <subfield code="d">2018-09-26</subfield>
    <subfield code="e">Donaci&#xF3;n Selena Zapata, Septiembre 2018</subfield>
    <subfield code="l">0</subfield>
    <subfield code="o">070.44 77 SAN</subfield>
    <subfield code="p">4336</subfield>
    <subfield code="r">2018-09-26</subfield>
    <subfield code="t">Ej. 1</subfield>
    <subfield code="w">2018-09-26</subfield>
    <subfield code="y">LIT</subfield>
    <subfield code="z">Donaci&#xF3;n Selena Zapata, Septiembre 2018</subfield>
  </datafield>
</record>
